Welcome to the Holygrace Academy Library

Please use search bar below to get started

ONE FOR ALL (Record no. 6969)

MARC details
000 -LEADER
fixed length control field 00285nam a22001217a 4500
020 ## - INTERNATIONAL STANDARD BOOK NUMBER
ISBN 9789356347304
082 ## - DEWEY DECIMAL CLASSIFICATION NUMBER
Classification number 510
Item number OSW/M
245 ## - TITLE STATEMENT
Title ONE FOR ALL
Remainder of title QUESTION BANK CLASS 7 - MATHEMATICS
260 ## - PUBLICATION, DISTRIBUTION, ETC. (IMPRINT)
Place of publication NEW DELHI
Name of publisher OSWAAL
300 ## - PHYSICAL DESCRIPTION
Number of Pages 256
650 ## - SUBJECT ADDED ENTRY--TOPICAL TERM
Topical Term QUESTION BANK
Geographic subdivision INDIA
942 ## - ADDED ENTRY ELEMENTS (KOHA)
Koha item type Books
Holdings
Withdrawn status Lost status Collection code Home library Current library Shelving location Date acquired Source of acquisition Full call number Accession Number Koha item type
    Reference Main Library Main Library NEW SHELF WITH NEW ENTRY 27/09/2023 PURCHASE 510 OSW/M 12890 Books